000 00708nam a2200217 i 4500
001 33664
003 ES-MaACL
005 20250817063114.0
007 t|
008 030203s1965 sp ||||1| spa d
100 1 _aBiscaretti, Paolo.
_928996
245 1 0 _aDerecho constitucional /
_cPaolo Biscaretti ; prólogo y notas bibliográficas de Pablo Lucas Verdú.
260 _aMadrid :
_bTecnos,
_c[1965]
300 _a742 p. ;
_c24 cm.
490 1 _aColección de ciencias sociales (Tecnos)
_9182672
700 1 _aLucas Verdú, Pablo.
_974549
830 0 _aColección de ciencias sociales (Tecnos)
_9182672
852 _aES-MaACL
_jC-28453
_bR.57664
942 _2udc
999 _c33664
_d33664